[Event "Olympiad-40"]
[Site "Istanbul"]
[Date "2012.09.07"]
[Round "10.3"]
[White "Ding, Liren"]
[Black "Onischuk, Alexander"]
[Result "1-0"]
[WhiteElo "2695"]
[BlackElo "2666"]
[Annotator "Krasenkow,M"]
[PlyCount "131"]
[EventDate "2012.08.28"]
[EventType "team-swiss"]
[EventRounds "11"]
[EventCountry "TUR"]
[SourceTitle "CBM 151"]
[Source "ChessBase"]
[SourceDate "2012.11.13"]
[SourceVersion "1"]
[SourceVersionDate "2012.11.13"]
[SourceQuality "1"]
[WhiteTeam "China"]
[BlackTeam "US of America"]
[WhiteTeamCountry "CHN"]
[BlackTeamCountry "USA"]

1. d4 d5 2. c4 e6 3. Nc3 Be7 4. Bf4 Nf6 5. e3 O-O 6. Nf3 b6 7. Be2 {This quiet
continuation should not be dangerous for Black.} (7. cxd5 {is the main move})
7... Bb7 8. O-O c5 {Very aggressive.} (8... Nbd7 {is a good alternative}) 9.
dxc5 (9. cxd5 Nxd5 10. Nxd5 Bxd5 11. dxc5 Bxc5 {should be OK for Black, e.g.}
12. Rc1 Nc6 13. a3 a5 14. Qc2 Qf6 15. Rfd1 h6) (9. Nb5 {is harmless due to} Nc6
) (9. Rc1 Nbd7 $11 {leads to the 8...Nbd7 line, e.g.} 10. cxd5 Nxd5 11. Nxd5
Bxd5 12. Bc4 Bxc4 13. Rxc4 b5 14. Rc2 c4 15. d5 exd5 16. Qxd5 a6 17. a4 Nf6 18.
Qb7 Qd3 19. Rfc1 Rfd8 20. h3 Qe4 {1/2 Stocek,J (2567)-Azarov,S (2601)/Slovakia
2011/EXT 2012}) 9... bxc5 {More active and risky than} (9... Bxc5 10. a3 $5 (
10. cxd5 Nxd5 11. Nxd5 Bxd5 {- see above}) 10... dxc4 11. Bxc4 Qxd1 12. Rfxd1
Nbd7 13. Nb5 {1-0 Donchenko,A (2401)-Kiese,M (2246)/Griesheim 2003/EXT 2004 
(37)} Rfc8 14. Bf1 (14. Nc7 $6 Bxf3 15. gxf3 e5) 14... Bf8 {. White keeps some
pressure but Black should hold on.}) 10. Qb3 (10. Qc2 Nbd7 11. Rfd1 Qb6 12. Rd2
Rac8 13. Rad1 Rfd8 14. cxd5 exd5 15. Ne5 {1-0 Feletar,D (2441)-Orgovan,S (2318)
/Hungary 2002/EXT 2004 (34)} Nf8 $132 {[%cal Yf8e6]}) (10. Ne5 $5 Nc6 11. Bf3
Nxe5 12. Bxe5 Nd7 13. Bg3 Nb6 14. cxd5 exd5 15. Qb3 {1-0 Shemeakin,A (2373)
-Vdovichenko,V/Alushta 2004/CBM 100 ext (40)} Bd6 $5 16. Rfd1 Rb8 17. Nxd5 Bxg3
18. hxg3 Bxd5 19. Bxd5 Nxd5 20. Qxd5 Qxd5 21. Rxd5 Rxb2 22. Rxc5 g6 {[%cal
Yf8d8,Yd8d2]}) 10... Qb6 (10... Qc8 11. Rfd1 $5 $14) 11. Ne5 Nc6 12. Bf3 Qxb3 (
12... Nxe5 $142 13. Bxe5 Ba6 $1 14. cxd5 Bxf1 15. d6 Bxd6 16. Qxb6 axb6 17.
Bxd6 Bd3 18. Bxf8 Rxf8 $11) 13. axb3 Nb4 14. Ra5 $14 Rfc8 (14... a6 $142 15.
Na4 Rac8) 15. Rfa1 a6 16. Na4 Nc6 $6 (16... Ra7 {looks ugly but that move
allowed Black to firmly defend. After the text continuation he suffers
material losses although a draw is still attainable.}) 17. Nxc6 Rxc6 18. Bg5 $1
Rc7 19. Bxf6 gxf6 20. cxd5 Bxd5 21. Bxd5 exd5 22. Nb6 Rd8 23. Rxa6 {A pawn is
a pawn although it looks rather useless at the moment.} Rc6 24. g3 Kg7 (24...
Bf8 $5 25. Ra8 Rxa8 26. Nxa8 f5) 25. Kf1 Rdd6 $6 {This leads to a difficult
rook ending.} (25... h5 $5 26. h3 (26. Na8 Rxa6 27. Rxa6 Rc8 28. Ke2 Bd8) 26...
Re6 {, and White can hardly make progress.}) 26. Ra7 Rxb6 27. Rxe7 {[%mdl 4096]
} Rxb3 28. Raa7 Kg6 29. Rxf7 h5 30. Rfb7 $6 (30. Rh7 $5 Rxb2 31. Rag7+ Kf5 32.
Rxh5+ Ke4 33. Rc7) (30. Rg7+ $1 Kf5 31. Rgb7 Rdb6 32. Rxb6 Rxb6 33. Ra5 {
, and Black can't exchange pawns by means of} d4) 30... Rdb6 31. Rxb6 Rxb6 32.
Rc7 (32. Ra5 $5 d4 33. e4 c4 34. Ra4 Rc6 35. Ke2 h4 $1 {, and Black should
survive} ({or} 35... f5 $5)) 32... Rb5 33. b3 Kf5 34. Ke2 d4 35. exd4 cxd4 36.
Rc4 Rxb3 37. Rxd4 {This endgame is an easy technical draw but...} Ra3 38. Kf1
Kg6 39. Kg2 Rb3 40. Kh3 Rb2 41. Kg2 Rb3 42. Re4 Ra3 43. Re3 Ra4 44. Kf3 Kg5 45.
h3 Kg6 46. Re4 Ra3+ 47. Re3 Ra4 48. h4 Kf5 49. Rb3 Kg6 50. Ke3 Rc4 51. Rd3 Ra4
52. Rd4 Ra2 53. f3 Ra5 54. g4 Ra1 $6 (54... hxg4 {is good enough.}) 55. g5 $1 {
A move missed by Black. In panic he commits a real mistake.} Rh1 $4 (55... fxg5
56. Rd6+ Kf5 57. Rd5+ Kg6 58. hxg5 h4 {, and this passed pawn saves Black:} 59.
f4 h3 60. Rd6+ Kf5 61. Rf6+ Kg4 62. g6 {, and now even} Kh5 63. g7 Rg1 $11) 56.
Rd6 Rxh4 57. f4 $1 {, and White's connected passed pawns decide the game:} Rh1
58. Rxf6+ Kg7 59. Rh6 Re1+ 60. Kf2 Rh1 61. Kg2 Rh4 62. Kf3 Rh1 63. Ke4 h4 64.
Kf5 h3 65. Kg4 h2 66. Kg3 1-0

[Event "EU-Cup 16th"]
[Site "Neum"]
[Date "2000.09.29"]
[Round "4.4"]
[White "Gurevich, Mikhail"]
[Black "Kruppa, Yuri"]
[Result "1/2-1/2"]
[WhiteElo "2667"]
[BlackElo "2582"]
[Annotator "Kruppa,Y"]
[PlyCount "44"]
[EventDate "2000.09.24"]
[EventType "team-swiss"]
[EventRounds "7"]
[EventCountry "BIH"]
[SourceTitle "CBM 080"]
[Source "ChessBase"]
[SourceDate "2001.01.25"]
[SourceVersion "1"]
[SourceVersionDate "2001.01.25"]
[SourceQuality "1"]
[WhiteTeam "Breda"]
[BlackTeam "Donetsk"]
[WhiteTeamCountry "NED"]
[BlackTeamCountry "UKR"]

1. d4 d5 2. c4 e6 3. Nf3 Nf6 4. Nc3 Be7 5. Bf4 O-O 6. e3 c5 7. dxc5 Bxc5 8. a3
Nc6 9. cxd5 Nxd5 10. Nxd5 exd5 11. Bd3 Bb6 12. O-O Bg4 13. h3 Bh5 14. b4 Re8
15. Rc1 a6 $5 (15... d4) 16. Rc2 d4 17. g4 $146 (17. e4) 17... Bg6 18. Bxg6
hxg6 19. exd4 (19. Rd2 Qd5 20. Nxd4 Nxd4 21. exd4 Re4 22. Be3 Rae8 $44) 19...
Nxd4 (19... Qd5 $5) 20. Rd2 Nxf3+ 21. Qxf3 Qe7 22. Rfd1 Rad8 $11 1/2-1/2

[Event "Gibraltar Masters 10th"]
[Site "Caleta"]
[Date "2012.01.27"]
[Round "4"]
[White "Mamedyarov, Shakhriyar"]
[Black "Zatonskih, Anna"]
[Result "1-0"]
[WhiteElo "2747"]
[BlackElo "2506"]
[Annotator "Let's Check"]
[PlyCount "67"]
[EventDate "2012.01.24"]
[EventType "swiss"]
[EventRounds "10"]
[EventCountry "GGB"]
[SourceTitle "CBM 147"]
[Source "ChessBase"]
[SourceDate "2012.03.16"]
[SourceVersion "1"]
[SourceVersionDate "2012.03.16"]
[SourceQuality "1"]

1. d4 d5 2. c4 e6 3. Nc3 Be7 4. Bf4 Nf6 5. e3 O-O 6. Qc2 c5 7. dxc5 Bxc5 8. Nf3
Nc6 9. a3 Qa5 10. O-O-O dxc4 11. Bxc4 a6 12. Ng5 Be7 13. h4 h6 14. Kb1 b5 $2 (
14... Ne5 15. Bb3 Ng6 $11) 15. Nce4 $18 Nxe4 16. Qxe4 Bxg5 17. Bd3 f5 18. Qxc6
Bxf4 19. Qxa8 Qb6 20. Qf3 Be5 21. Qe2 Bb7 22. f3 Rb8 23. Rc1 b4 24. a4 b3 25.
Bc4 Kh8 26. Rhd1 Bc6 $2 (26... Qa5 27. Bxb3 Bxf3 $16) 27. Bxe6 $18 Bxa4 28.
Rc8+ Rxc8 29. Bxc8 Bf6 30. Qc4 Be8 31. Be6 Qa5 32. Qxb3 Ba4 33. Qb8+ Kh7 34.
Qg8+ 1-0

[Event "EU-ch 13th"]
[Site "Plovdiv"]
[Date "2012.03.22"]
[Round "3"]
[White "Grandelius, Nils"]
[Black "Melkumyan, Hrant"]
[Result "0-1"]
[WhiteElo "2545"]
[BlackElo "2628"]
[Annotator "Let's Check"]
[PlyCount "132"]
[EventDate "2012.03.20"]
[EventType "swiss"]
[EventRounds "11"]
[EventCountry "BUL"]
[SourceTitle "CBM 148"]
[Source "ChessBase"]
[SourceDate "2012.05.16"]
[SourceVersion "1"]
[SourceVersionDate "2012.05.16"]
[SourceQuality "1"]

1. d4 d5 2. c4 e6 3. Nf3 Nf6 4. Nc3 Be7 5. Bf4 O-O 6. a3 c6 7. e3 Nbd7 8. Qc2
b6 9. cxd5 exd5 10. Bd3 Re8 11. Nb5 $1 cxb5 12. Bc7 Bb4+ 13. axb4 Qe7 14. Qb3
Bb7 15. Bxb5 Rec8 16. Bg3 a6 17. Bd3 b5 18. O-O Ne4 19. Rfc1 Nb6 20. Bh4 f6 21.
Ne1 Nc4 22. Be2 g5 23. Bg3 Qf7 24. Nc2 h5 25. f3 Nxg3 26. hxg3 Qc7 27. Kf2 h4
28. gxh4 gxh4 29. f4 Qg7 30. Rh1 $2 (30. Qd3 Qg3+ 31. Kg1 $11) 30... Nd2 $19
31. Qd3 Ne4+ $4 (31... Rxc2 $1 32. Kg1 Nc4 $3 $19) 32. Kg1 $14 Kf7 33. Ne1 Qg3
34. Rh3 Qf2+ 35. Kh2 Rh8 $1 (35... Ng3 $2) 36. Bg4 $6 (36. Qd1 Ng3 37. Bg4 $11)
36... Rag8 $6 (36... Qg3+ $3 37. Rxg3 hxg3+ $19) 37. Qe2 Rxg4 $6 (37... Qxe2
38. Bxe2 Bc8 $17) 38. Qxg4 $11 Bc8 39. Qf3 Qxb2 40. Rd1 Qxb4 41. Rc1 Bf5 42.
Rc7+ Kg6 43. Nd3 (43. Qf1 a5 44. Qe2 $17) 43... Qd6 $2 (43... Qb1 44. Nc1 b4
$19) 44. Ra7 $15 Qb6 45. Ra8 $6 (45. Re7 Qd8 46. Ra7 $15) 45... Rxa8 $17 46.
Rxh4 Kg7 47. Qh5 Qe6 48. g4 Bg6 49. Qh6+ Kf7 50. f5 Bxf5 $1 51. Nf4 $2 (51.
gxf5 Qxf5 52. Rf4 $19) 51... Qc8 $19 52. Qh5+ Ke7 53. gxf5 Qc2+ 54. Kh3 Ng5+
55. Kg3 Qxf5 56. Qd1 Rg8 57. Qc1 $6 (57. Rh5 Ne4+ 58. Kh2 $19) 57... Rc8 $4 (
57... Kd7 58. Kf2 a5 $19) 58. Qa3+ $17 Kf7 $2 (58... Kd7 59. Qxa6 Ne4+ $19) 59.
Qxa6 $11 Ne4+ 60. Kf3 Ng5+ 61. Kg3 Qd7 62. Rh6 Ne4+ 63. Kf3 Rg8 64. Ne6 $4 (64.
Rh7+ Rg7 65. Rxg7+ $11) 64... Qxe6 $19 65. Qa7+ (65. Rh7+ Kg6 66. Qxe6 Ng5+ $19
) 65... Kf8 66. Rh7 Qg4# 0-1

[Event "Gibraltar Masters 10th"]
[Site "Caleta"]
[Date "2012.01.27"]
[Round "4"]
[White "Akobian, Varuzhan"]
[Black "Molina, Roberto Junio Brito"]
[Result "1-0"]
[WhiteElo "2617"]
[BlackElo "2415"]
[Annotator "Let's Check Training"]
[PlyCount "81"]
[EventDate "2012.01.24"]
[EventType "swiss"]
[EventRounds "10"]
[EventCountry "GGB"]
[SourceTitle "CBM 147"]
[Source "ChessBase"]
[SourceDate "2012.03.16"]
[SourceVersion "1"]
[SourceVersionDate "2012.03.16"]
[SourceQuality "1"]

1. d4 d5 2. c4 e6 3. Nc3 Be7 4. Bf4 Nf6 5. e3 O-O 6. Nf3 Nbd7 7. Qc2 c5 8. Rd1
cxd4 9. Rxd4 Qa5 10. Bg3 Nb6 11. Nd2 dxc4 12. Bxc4 Nxc4 13. Nxc4 Qa6 14. O-O
Bd7 15. Rfd1 Bc6 16. Bd6 Bxd6 17. Nxd6 Bd5 18. Ndb5 Rac8 19. Qd2 Qb6 20. Na3
Qc5 21. e4 Bc6 22. b4 Qe7 23. e5 Nd5 24. Ne4 Nb6 25. Nd6 Rb8 26. Nac4 Nxc4 27.
Rxc4 Bd5 28. Rd4 f6 29. f4 h6 30. Rxd5 exd5 31. Qxd5+ Kh7 32. e6 f5 33. Nxf5
Qf6 34. Nd6 Rbd8 35. Qe4+ Kg8 36. f5 Qe7 37. Qe5 g6 38. Rd3 Rf6 $2 (38... gxf5
39. h3 f4) 39. g4 $18 Rff8 {[%tqu "En","","","","d6f7","",10]} 40. Nf7 $1 Rxf7
41. exf7+ 1-0

[Event "URS Army Team-ch"]
[Site "Tbilisi"]
[Date "1980.09.??"]
[Round "?"]
[White "Tukmakov, Vladimir B"]
[Black "Lputian, Smbat G"]
[Result "1/2-1/2"]
[WhiteElo "2560"]
[BlackElo "2445"]
[Annotator "Lputian/Legky"]
[PlyCount "126"]
[EventDate "1980.09.10"]
[EventType "team-tourn"]
[EventRounds "9"]
[EventCountry "URS"]
[SourceTitle "EXT 2011"]
[Source "ChessBase"]
[SourceDate "2010.11.26"]
[SourceVersion "1"]
[SourceVersionDate "2010.11.26"]
[SourceQuality "1"]

1. d4 d5 2. c4 e6 3. Nc3 Be7 4. Nf3 Nf6 5. Bf4 O-O 6. e3 c5 7. dxc5 Bxc5 8. Qc2
Nc6 9. Rd1 Qa5 10. a3 Be7 11. Nd2 e5 12. Nb3 Qc7 $6 13. Bg3 dxc4 14. Bxc4 Bg4
$2 (14... Nd8 $1 15. Nb5 Qc6 16. O-O Be6 17. Rc1 Bxc4 18. Qxc4 Qxc4 19. Rxc4
Nc6 $11) 15. f3 Bd7 16. O-O Rad8 (16... Qc8 17. Ne4 $1 Nxe4 18. fxe4) 17. Nd5 (
17. Ne4 Nxe4 18. Qxe4 (18. fxe4 Qb6 $1 19. Rd3 Be6 20. Bd5 Bg5 $1) 18... Bd6
19. Rc1 Qc8 20. Bd5 Be6 21. Na5 $2 Bxd5 22. Qxd5 Bb4 $1) 17... Nxd5 18. Bxd5
Qc8 19. e4 $16 {(INF)} (19. Qc4 Be6 20. Bxe6 Qxe6 21. Qxe6 fxe6) 19... Be6 20.
Qc4 $2 (20. Bxc6 $1 Qxc6 (20... Bxb3 21. Qxb3 Qxc6 22. Rc1 Bc5+ 23. Kh1 Rfe8
24. Bf2 $1 (24. Rfd1 Rxd1+ 25. Qxd1 Qb6 $1 26. Qd5 Rd8 $1) 24... b6 25. Qc4 Qb7
26. Bxc5 bxc5 27. Rc2) 21. Qxc6 bxc6 22. Na5 Bc5+ 23. Bf2 Bxf2+ 24. Rxf2 Rb8 $1
25. b4 Rfc8) 20... Rd6 $1 (20... Bxd5 21. exd5 Nd4 22. Qxc8 Rxc8 23. Nxd4 exd4
24. Bf2 $1) 21. Bf2 (21. Nc5 $5 Bxd5 22. exd5 Rfd8 $1 23. b4 (23. dxc6 $2) (23.
Ne4 R6d7 24. d6 Bxd6 25. Nxd6 Rxd6 26. Rxd6 Rxd6 27. Bxe5) 23... Bf8 $1 {
/\24..Nc6e7}) 21... Rfd8 (21... b6 $1) 22. Bc5 Bxd5 23. exd5 R6d7 $2 (23... b5
$1 24. Qe4 f5) 24. Qe4 $2 (24. dxc6 $1 Bxc5+ 25. Nxc5 Rxd1 26. cxb7) 24... Qc7
25. Be3 b6 26. Rd3 {[#]} Nd4 $1 27. Bxd4 exd4 28. Rxd4 g6 $44 29. Rc1 Qb8 30.
Rcd1 Bd6 31. Qh4 Be5 32. R4d2 Bf4 33. Rd3 Qe5 (33... g5 $6 34. Qg4 $1 Bxh2+ 35.
Kf2 Bf4 36. Nd4 Qe5 37. Ne2 $1) 34. g3 $1 Be3+ 35. Kf1 Rxd5 36. Qxd8+ Rxd8 37.
Rxd8+ Kg7 38. R8d3 Qe6 39. Kg2 Bg5 40. Nd4 Qc4 41. b3 Qc5 42. a4 a6 43. h4 Bf6
44. Ne2 Be5 45. Ng1 Qc7 46. f4 Bf6 47. Nf3 Qc6 48. Kh2 Qe4 49. R1d2 h6 50. Nd4
Qd5 51. Nb5 $5 Qh5 $1 (51... Qc6 52. Nd6) 52. Nd6 Bxh4 $1 53. gxh4 Qxh4+ 54.
Kg2 Qg4+ 55. Kf1 Qxf4+ 56. Rf2 Qc1+ 57. Kg2 f5 58. Ne8+ Kf7 59. Re2 Qg5+ 60.
Kf1 Qf4+ 61. Ke1 Qc1+ 62. Kf2 g5 63. Rd6 Qf4+ 1/2-1/2

[Event "EU-ch 12th"]
[Site "Aix les Bains"]
[Date "2011.04.02"]
[Round "11"]
[White "Laznicka, Viktor"]
[Black "Vaisser, Anatoli"]
[Result "1-0"]
[WhiteElo "2688"]
[BlackElo "2522"]
[Annotator "Marchand,A/Primel,D"]
[PlyCount "77"]
[EventDate "2011.03.22"]
[EventType "swiss"]
[EventRounds "11"]
[EventCountry "FRA"]
[SourceTitle "CBM 142 Extra"]
[Source "ChessBase"]
[SourceDate "2011.06.27"]
[SourceVersion "1"]
[SourceVersionDate "2011.06.27"]
[SourceQuality "1"]

1. d4 Nf6 2. Nf3 d5 3. c4 e6 4. Nc3 Be7 5. Bf4 O-O 6. e3 {92} b6 {86} 7. cxd5
exd5 8. Bd3 c5 (8... Bb7 {La grande ligne}) 9. O-O Nc6 10. Ne5 Bb7 11. Qf3 cxd4
12. Nxc6 $1 Bxc6 13. exd4 $14 {[%csl Rc6]} Qd7 14. Be5 (14. h3 Rfe8 {Tal,M 
(2555)-Averbakh,Y (2490) Moscow-4teams 1981 (4.5) 1/2}) (14. Rfe1) 14... Qg4 {
47} (14... b5) 15. Qe3 Qe6 16. Rae1 (16. Rfe1) 16... Ne4 $6 {35} (16... Rae8)
17. Nxe4 dxe4 18. Bxe4 Bxe4 19. Qxe4 Rfd8 20. Bxg7 $1 {Probablement oublié par
le français lorsqu'il a joué Ne4} Kxg7 21. Qb7 {[%csl Re6,Re7] La pointe qui
permet une liquidation favorable aux Blancs} Qd7 22. Rxe7 Qxb7 23. Rxb7 Rxd4
24. g3 $16 {[%csl Ra7,Ra8,Gb7,Rf7,Rh7] Les Blancs ont des bonnes chances de
gain surtout en cas d'échange d'une paire de R} Rd2 25. Rc1 $1 Rxb2 26. Rcc7
$36 Rxa2 (26... Rf8 27. Rxa7) 27. Rxf7+ {[%csl Gf2][%cal Gf2f8]} Kg6 28. Rg7+
Kf5 29. Rxh7 Ke4 30. h4 Rf8 31. Rhf7 $1 {[%csl Gh4]} Rxf7 $2 {Les maigres
chances de nulle des Noirs étaient subordonnées а la conservation des deux R}
32. Rxf7 {[%csl Re4] Le K Noir est coupé et le P passé "h4" sera plus rapide
que le P"b6"} b5 33. h5 Ra6 34. Rb7 $1 Kf3 35. Rxb5 Ra1+ 36. Kh2 Rd1 37. h6 Rd7
38. Kh3 Rh7 39. Rh5 1-0

[Event "Candidates Tournament"]
[Site "Khanty-Mansiysk"]
[Date "2014.03.19"]
[Round "6"]
[White "Topalov, Veselin"]
[Black "Kramnik, Vladimir"]
[Result "1-0"]
[WhiteElo "2785"]
[BlackElo "2787"]
[Annotator "Marin,M"]
[PlyCount "81"]
[EventDate "2014.03.13"]
[EventType "tourn"]
[EventRounds "14"]
[EventCountry "RUS"]
[EventCategory "21"]
[SourceTitle "CBM 160"]
[Source "ChessBase"]
[SourceDate "2014.05.15"]
[SourceVersion "1"]
[SourceVersionDate "2014.05.15"]
[SourceQuality "1"]
[TimeControl "40/7200:20/3600:900+30"]
[WhiteClock "1:26:36"]
[BlackClock "1:03:45"]

1. d4 {[%emt 0:00:03]} Nf6 {[%emt 0:00:11]} 2. c4 {[%emt 0:00:05]} e6 {[%emt 0:
00:06]} 3. Nf3 {[%emt 0:00:04]} d5 {[%emt 0:00:03]} 4. Nc3 {[%emt 0:00:04]} Be7
{[%emt 0:00:21]} 5. Bf4 {[%emt 0:00:10]} O-O {[%emt 0:00:11]} 6. e3 {[%emt 0:
00:03]} Nbd7 {[%emt 0:00:05]} 7. c5 {[%emt 0:00:04] A very direct approach and
the most popular one.} Nh5 {[%emt 0:00:14] The most principled way to question
the effectiveness of the last move. Both players had had this position before,
so they must have both known what they were doing.} (7... c6 8. h3 {0-1 (41)
Bacrot,E (2749)-Aronian,L (2801) Warsaw 2013 CBM 158 [Krasenkow,M]}) (7... Ne4
8. Qc2 f5 {1-0 (48) Topalov,V (2752)-Giri,A (2711) Istanbul 2012 CBM 151 
[Krasenkow,M]}) 8. Be5 $5 {[%emt 0:00:04] Following his own path and deviating
from that which was supposedly the most familiar to Kramnik.} (8. Bd3 Nxf4 9.
exf4 b6 10. b4 a5 11. a3 c6 12. O-O Qc7 13. g3 Ba6 14. Bxa6 Rxa6 15. Qe2 Rfa8
16. b5 $1 (16. Rab1 {Radjabov,T (2744)-Kramnik,V (2785) Kazan 2011 CBM 143 
[Marin,M] (1/2-1/2, 39)}) 16... cxb5 17. Nxd5 $1 {Aronian,L (2802)-Giri,A 
(2714) Porto Carras 2011 CBM 146 [Krasenkow,M] (1-0, 43)}) 8... c6 {[%emt 0:01:
01]} 9. Bd3 {[%emt 0:02:09] Clearly the most active developing move.} (9. Be2 {
is a bit too passive.} f6 10. Bg3 g6 ({The knight did not really need
defending yet. Black should have started his counterplay without delay:} 10...
e5 $1 11. b4 e4) 11. b4 e5 12. Qb3 Kh8 {Savchenko,B (2569)-Azarov,S (2585)
Voronezh 2008 (0-1, 36)} 13. b5 $5) (9. h3 {simply gives away a tempo, since
Black was going to take on e5 at some point anyway.} Nxe5 10. Nxe5 Nf6 11. Bd3
Nd7 12. Nxd7 Bxd7 13. O-O e5 $5 $132 {Krush,I (2472)-Zatonskih,A (2499) Saint
Louis 2011 (1-0, 37)}) 9... g6 {[%emt 0:03:43]} ({An old game by Topalov saw
the too straightforward} 9... f5 $6 10. b4 a6 11. h3 Nxe5 12. dxe5 f4 13. e4
$14 {Topalov,V (2707)-Campora,D (2526) Barcelona 2000 (1-0, 40)}) (9... f6 {
was played in a historic match, a long, long time ago, but deserves closer
investigation.} 10. Bg3 (10. Ng5 {is interesting but may well lead only to a
draw:} fxe5 11. Qxh5 Bxg5 12. Qxh7+ Kf7 13. Qh5+ (13. Bg6+ Kf6 14. Bh5 Bh6 15.
g4 Ke7 16. g5 Rh8 17. Qg6 Qf8 {parries the attack.}) 13... Kg8 $11 14. Bh7+ $2
Kh8 15. Bg6+ Bh6 $19) 10... f5 {In a way, Black won a tempo over
Topalov-Camora above. But it could well turn that he has actually lost a tempo,
depending on the ulterior course of the game.} 11. Ng5 $2 {Steinitz,W-Chigorin,
M Nuremberg 1896 (1-0, 33)} (11. Be5 $5 {would really throw away a tempo.}) (
11. b4 $5 Nxg3 12. hxg3 g6 {[%cal Ge7f6,Ge6e5]} 13. b5 e5 $1) 11... Nxc5 $1 12.
dxc5 Nxg3 13. Nxe6 Bxe6 14. hxg3 Bxc5 $17) (9... Nxe5 10. Nxe5 g6 ({If} 10...
Nf6 11. Qc2 $14 {Black cannot free himself easily, since ...Nd7 would require
weakening the kingside with either ...h6 ot ...g6. This would be at least
risky given that White can still castle long.}) 11. h4 $36 Bxh4 $2 12. Qg4 Bf6
13. Rxh5 $18) 10. h4 {[%emt 0:00:07] In some cases, this could prove an useful
move for the attack, but clearing the h2-square for the bishop is at least as
important.} f5 $6 {[%emt 0:13:01] Allowing White to keep his bishop is
strategically risky.} ({True, embarking the following line against Topalov
would imply risks of a different nature.} 10... Nxe5 11. Nxe5 f6 12. Nxg6 hxg6
13. Qg4 f5 14. Qxg6+ Ng7 15. h5 {The engines are sceptical about this whole
plan, but Topalov has more than once proven he deals well with positions
offering unclear compensation. It was precisely this kind of anti-computer
chess that, basically avoiding his opponent's preparation, yielded him the
supreme crown in 2005.} Rf6 (15... Kh8 $5) 16. Qg5 Kf7 17. Ne2 Qh8 18. Nf4 Qh6
19. Qg3 Ke8 20. Be2 b6 21. Ng6 Bd7 22. b4 $44 {Black is under no immediate
threats, but freeing himself is almost impossible.}) 11. Bh2 $1 $14 {[%emt 0:
07:01]} b6 {[%emt 0:08:01]} (11... Bxh4 {is another form of risky material
grabbing.} 12. Nxh4 Qxh4 13. Qd2 e5 14. O-O-O $36 {[%csl Gg8]}) 12. b4 {
[%emt 0:04:03]} f4 {[%emt 0:03:44] Kramnik must have relied on this way of
neutralising the bishop, but since the h5-knight is doomed to defend the
f4-pawn, Black cannot really hope to be a piece up for practical reasons in
any other area of the board.} 13. O-O {[%emt 0:11:15]} a5 $2 {[%emt 0:31:37]
Playing with fire.} (13... bxc5 14. bxc5 e5 15. Qa4 Qc7 (15... Bb7 16. Rab1)
16. Rab1 $32 e4 $6 17. Nxe4 dxe4 18. Bxe4 $16) (13... Bb7 $5 $14) 14. b5 $1 $16
{[%emt 0:04:22] Kramnik surely saw this (it is just too thematic), but he must
have overlooked something at a slightly later moment.} (14. a3 axb4 15. axb4
Rxa1 16. Qxa1 bxc5 17. bxc5 e5 $11) 14... bxc5 {[%emt 0:00:31]} (14... Bb7 15.
bxc6 Bxc6 16. cxb6 Qxb6 17. Qe2 $16 {[%cal Ga1b1,Gf1c1]}) 15. bxc6 {[%emt 0:00:
07]} Nb8 {[%emt 0:03:05]} 16. Bb5 {[%emt 0:04:10]} Ba6 {[%emt 0:07:48]} 17. a4
$16 {[%emt 0:05:06] Kramnik must have thought he would get the c6-pawn without
any problems, underestimating White's dynamic potential.} Qc8 {[%emt 0:00:31]}
(17... c4 18. exf4 Nxf4 19. Ne2 {[%cal Gc6c7,Gh2c7]} Bd6 20. Nxf4 Bxf4 21. Bxf4
Rxf4 22. h5 gxh5 23. Ne5 $18 {[%csl Ga8,Gb8,Rg8]}) 18. dxc5 {[%emt 0:02:29]}
Nxc6 {[%emt 0:13:23]} 19. Nxd5 $1 {[%emt 0:08:20] The point.} exd5 {[%emt 0:00:
47]} 20. Qxd5+ {[%emt 0:00:08]} Kh8 {[%emt 0:01:51]} 21. Qxc6 {[%emt 0:00:09]}
Qxc6 {[%emt 0:01:58]} 22. Bxc6 {[%emt 0:00:06]} Rac8 {[%emt 0:00:04]} 23. Bb5 {
[%emt 0:03:33]} Bxb5 {[%emt 0:00:55]} 24. axb5 {[%emt 0:00:05]} Bxc5 {[%emt 0:
00:03]} 25. Rxa5 {[%emt 0:04:01]} fxe3 {[%emt 0:00:14]} 26. fxe3 {[%emt 0:00:
05]} Bxe3+ {[%emt 0:00:18]} 27. Kh1 $16 {[%emt 0:00:05] Black has limited the
damage to the loss of just one pawn. Still, that pawn is quite dangerous.} Rc2
$2 {[%emt 0:11:36] This counterplay will fail.} ({It would have made sense to
stop the pawn somehow.} 27... Nf6 28. Rb1 Nd5 $16) 28. Rb1 $18 {[%emt 0:05:31]}
Rfc8 {[%emt 0:00:11]} 29. Raa1 {[%emt 0:05:52]} Bb6 {[%emt 0:00:01]} 30. Be5+ {
[%emt 0:05:35]} Kg8 {[%emt 0:00:03]} 31. Ra6 $18 {[%emt 0:00:19] There is no
way to stop the pawn now.} Be3 {[%emt 0:00:46]} 32. b6 {[%emt 0:04:22]} Rc1+ {
[%emt 0:00:09]} 33. Rxc1 {[%emt 0:00:05]} Rxc1+ {[%emt 0:00:02]} 34. Kh2 {
[%emt 0:00:09]} Rb1 {[%emt 0:00:09]} 35. g4 $1 {[%emt 0:03:42] The start of a
well-calculated execution.} Bf4+ {[%emt 0:03:10]} 36. Kg2 {[%emt 0:02:04]} Bxe5
{[%emt 0:00:49]} 37. Nxe5 {[%emt 0:00:06]} Nf4+ {[%emt 0:01:21]} 38. Kf3 {
[%emt 0:00:20]} Ne6 {[%emt 0:02:29]} (38... Nd5 39. Ra8+ Kg7 40. Ra7+ Kf6 41.
Nd7+ Ke6 42. b7 $18) 39. b7 {[%emt 0:05:20]} Rb3+ {[%emt 0:01:23]} 40. Kf2 {
[%emt 0:00:00]} Rb2+ {[%emt 0:00:00]} 41. Ke3 {[%emt 0:02:01]} 1-0